[Event "DDS League and op 12th"]
[Site "Tuzla"]
[Date "2006.09.16"]
[Round "3"]
[White "Omercic, Adnan"]
[Black "Mrkonjic, Nenad"]
[Result "0-1"]
[WhiteElo "2145"]
[BlackElo "2378"]
[PlyCount "68"]
[EventDate "2006.09.15"]
[EventType "team"]
[EventRounds "9"]
[EventCountry "BIH"]
[SourceTitle "CBM 114 Extra"]
[Source "ChessBase"]
[SourceDate "2006.11.03"]
[SourceVersion "1"]
[SourceVersionDate "2006.11.03"]
[SourceQuality "1"]

1. Nf3 d5 2. g3 Nf6 3. Bg2 c6 4. 0-0 h6 5. d3 Bf5 6. c4 e6 7. b3 Be7 8. Ba3 0-0 9. Bxe7 Qxe7 10. Nbd2 Nbd7 11. Qc2 Nb6 12. e4 dxe4 13. dxe4 Bh7 14. Rfe1 Nbd7 15. Qc3 Rfd8 16. e5 Ne8 17. Ne4 Nc5 18. Nxc5 Qxc5 19. b4 Qe7 20. Rad1 Nc7 21. Nd4 Na6 22. a3 c5 23. Nb5 cxb4 24. axb4 Nxb4 25. Nd6 Nc6 26. Re2 Qc7 27. Rb2 Rab8 28. Ra1 Nxe5 29. Qxe5 Rxd6 30. Rd2 Rd7 31. Qxc7 Rxc7 32. Rxa7 g5 33. Rb2 Rxc4 34. Bxb7 Be4 0-1

[Event "BIH-chT2"]
[Site "Neum"]
[Date "2005.08.26"]
[Round "9"]
[White "Omercic, Adnan"]
[Black "Mestrovic, Zvonimir"]
[Result "1/2-1/2"]
[WhiteElo "2201"]
[BlackElo "2372"]
[PlyCount "45"]
[EventDate "2005.08.20"]
[EventType "team"]
[EventRounds "9"]
[EventCountry "BIH"]
[SourceTitle "EXT 2007"]
[Source "ChessBase"]
[SourceDate "2006.11.23"]
[SourceVersion "1"]
[SourceVersionDate "2006.11.23"]
[SourceQuality "1"]

1. Nf3 Nc6 2. g3 e5 3. d3 d5 4. Bg2 Nf6 5. 0-0 Be7 6. Nbd2 0-0 7. e4 dxe4 8. dxe4 Be6 9. c3 b6 10. Nh4 Qd7 11. Re1 Rad8 12. Qe2 Bc5 13. Nf1 Ng4 14. Be3 Nxe3 15. Nxe3 Bxe3 16. Qxe3 Qd2 17. Qe2 Qxe2 18. Rxe2 g6 19. Bf1 Rd6 20. b3 Rfd8 21. Rae1 Kg7 22. Ng2 Bg4 23. Re3 1/2-1/2

[Event "BIH-chT2"]
[Site "Neum"]
[Date "2005.08.23"]
[Round "6"]
[White "Budimir, Boris"]
[Black "Omercic, Adnan"]
[Result "0-1"]
[WhiteElo "2293"]
[BlackElo "2201"]
[PlyCount "102"]
[EventDate "2005.08.20"]
[EventType "team"]
[EventRounds "9"]
[EventCountry "BIH"]
[SourceTitle "EXT 2007"]
[Source "ChessBase"]
[SourceDate "2006.11.23"]
[SourceVersion "1"]
[SourceVersionDate "2006.11.23"]
[SourceQuality "1"]

1. e4 Nf6 2. Nc3 d5 3. e5 Nfd7 4. d4 e6 5. f4 c5 6. Nf3 Nc6 7. Be3 Be7 8. Qd2 Qa5 9. Be2 a6 10. 0-0 cxd4 11. Nxd4 Nxd4 12. Bxd4 Bc5 13. Kh1 Bxd4 14. Qxd4 Qc5 15. Qd2 b5 16. Bf3 Nb6 17. b3 Bd7 18. Ne2 Nc8 19. f5 Ne7 20. fxe6 Bxe6 21. b4 Qc7 22. Nf4 0-0 23. Rae1 Rad8 24. Nd3 a5 25. a3 d4 26. Nc5 Bc4 27. Rf2 Nf5 28. Nb7 Ne3 29. Nxd8 Rxd8 30. bxa5 Be6 31. a6 Qb6 32. a7 Nd5 33. Bxd5 Bxd5 34. Rf4 Qxa7 35. Qb4 Qd7 36. Kg1 Bc4 37. Qd6 Qc8 38. Qe7 Re8 39. Qa7 d3 40. cxd3 Be6 41. Qe3 Qd7 42. Rc1 h6 43. Qd4 Qe7 44. Qc5 Qg5 45. Rcf1 Rc8 46. Qxb5 Rc2 47. R4f2 Qe3 48. Qb1 Re2 49. Qd1 Bg4 50. Qc1 Rxf2 51. Rxf2 Qxc1+ 0-1

[Event "BIH-chT2"]
[Site "Neum"]
[Date "2005.08.21"]
[Round "2"]
[White "Radic, Bojan"]
[Black "Omercic, Adnan"]
[Result "0-1"]
[WhiteElo "2142"]
[BlackElo "2201"]
[PlyCount "81"]
[EventDate "2005.08.20"]
[EventType "team"]
[EventRounds "9"]
[EventCountry "BIH"]
[SourceTitle "EXT 2007"]
[Source "ChessBase"]
[SourceDate "2006.11.23"]
[SourceVersion "1"]
[SourceVersionDate "2006.11.23"]
[SourceQuality "1"]

1. e4 Nf6 2. e5 Nd5 3. Nc3 Nxc3 4. dxc3 d6 5. Bf4 Nc6 6. Nf3 Bg4 7. Bb5 e6 8. h3 Bh5 9. g4 Bg6 10. Nd4 Qd7 11. Qf3 d5 12. Qe2 Bc5 13. Nb3 Be7 14. 0-0-0 a6 15. Bd3 Bxd3 16. Rxd3 b5 17. Bg3 a5 18. Nd4 Na7 19. f4 c5 20. Nf3 c4 21. Rdd1 b4 22. Nd4 Nb5 23. Nxb5 Qxb5 24. Be1 Rb8 25. Rf1 Qa4 26. Kb1 0-0 27. f5 bxc3 28. Bxc3 Ba3 29. b3 Rfc8 30. Rf3 Qb5 31. Ka1 a4 32. Rb1 Bc5 33. Rff1 axb3 34. cxb3 Bb4 35. Rf3 Qc5 36. Qe3 Bxc3+ 37. Qxc3 d4 38. Qxc4 Qxe5 39. Qd3 Rc3 40. Qd1 d3 41. Qe1 0-1

[Event "BIH-chT2"]
[Site "Neum"]
[Date "2005.08.20"]
[Round "1"]
[White "Omercic, Adnan"]
[Black "Kekic, Armin"]
[Result "0-1"]
[WhiteElo "2201"]
[BlackElo "2180"]
[PlyCount "40"]
[EventDate "2005.08.20"]
[EventType "team"]
[EventRounds "9"]
[EventCountry "BIH"]
[SourceTitle "EXT 2007"]
[Source "ChessBase"]
[SourceDate "2006.11.23"]
[SourceVersion "1"]
[SourceVersionDate "2006.11.23"]
[SourceQuality "1"]

1. Nf3 d5 2. g3 Nf6 3. Bg2 Bg4 4. d4 c6 5. Bf4 Nbd7 6. 0-0 e6 7. Nbd2 Be7 8. Re1 0-0 9. h3 Bh5 10. c4 h6 11. Qb3 Qb6 12. Qxb6 axb6 13. g4 Bg6 14. Ne5 Nxe5 15. dxe5 Nd7 16. Rec1 f6 17. cxd5 exd5 18. e6 Nc5 19. Be3 Nxe6 20. Bxb6 Ra6 0-1